Seven Years in Tibet (Registro nro. 49685)

Detalles MARC
000 -ENCABEZADO
Número de control [NR] 02664nam a2200385Ia 4500
005 - FECHA Y HORA DE LA ÚLTIMA TRANSACCIÓN
control field 20140808163725.0
008 - DE LONGITUD FIJA DE DATOS DE ELEMENTOS - INFORMACIÓN GENERAL
Elementos de longitud fija [NR] 130821s1997 xxu g q mlmul d
040 ## - FUENTE DE CATALOGACION [NR]
Agencia de catalogación original [NR] CO-BoUCM
Idioma de catalogación [NR] spa
Quien Cataloga
Quien Clasifica [Nuevo]
041 ## - CODIGO DE IDIOMA [R]
Código de idioma para texto/pista de sonido o título separado [R] Inglés
041 ## - CODIGO DE IDIOMA [R]
Código de idioma para texto/pista de sonido o título separado [R] Francés
092 ## - SIGNATURA TOPOGRAFICA LOCAL
Número de clasificación local DVD 0090
245 00 - MENCION DE TITULO [NR]
Título [NR] Seven Years in Tibet
Mención de responsabilidad, etc. [NR] Jean-Jacques Annaud, director
Medio físico [NR] [DVD]
246 13 - FORMA VARIANTE DEL TITULO [R]
Título propiamente dicho/forma breve del título [NR] Siete años en el Tíbet
260 ## - PUBLICACION, DISTRIBUCION, ETC. (PIE DE IMPRENTA) [R]
Lugar de publicación, distribución, etc. [R] Culver City (California, Estados Unidos)
Nombre del editor, distribuidor, etc. [R] Mandalay Entertainment
Fecha de publicación, distribución, etc. [R] 1997
300 ## - DESCRIPCION FISICA [R]
Extensión [R] 1 DVD, 136 minutos
Otros detalles físicos [NR] imagen, sonido, color
500 ## - NOTA GENERAL [R]
Nota general [NR] SINOPSIS : Basada en un hecho real, Siete Años en el Tíbet narra la aventura de Heinrich Harrer, un alpinista austríaco que en otoño de 1939 inició una expedición para escalar el Everest. Su intento se truncó por el estallido de la Segunda Guerra Mundial, y fue confinado a un campo de concentración inglés en la India junto con su compañero Peter Aufshnaiter. Los dos alpinistas consiguieron escapar, y en su huida encontraron refugio en la sagrada tierra del Tíbet, un lugar prohibido para los extranjeros. Allí Harrer entabló una profunda amistad con el actual Dalai Lama, un niño por entonces, y se contagió de su espiritualidad
501 ## - NOTA DE “CON” [R]
Nota de “Con” [NR] Contiene folleto
508 ## - NOTA DE CREDITOS DE CREACION/PRODUCCION [R]
Nota de créditos de creación/producción [NR] CRÉDITOS: Dirigida y producida por Jean-Jacques Annaud ; guion por Becky Johnston ; música por John Williams ; fotografía por Robert Fraisse ; diseño de producción por At Hoang ; dirección de arte por Claude Paré ; ambientación por Jim Erickson ; vestuario por Enrico Sabbatini
511 0# - NOTA DE PARTICIPANTE O INTERPRETE [R]
Nota de participante o intérprete [NR] REPARTO: Brad Pitt, David Thewlis, BD Wong, Mako, Danny Denzongpa, Victor Wong, Ingeborga Dapkunaite, Jamyang Jamtsho Wangchuk, Lhakpa Tsamchoe, Jetsun Pema
520 ## - NOTA DE RESUMEN, ETC. [R]
Nota de sumario, etc. [NR] Basada en el libro de Heinrich Harrer
546 ## - NOTA DE IDIOMA [R]
Nota de idioma [NR] Audio en inglés y francés. Subtítulos en inglés, español y francés
600 1# - ASIENTO SECUNDARIO DE MATERIA - NOMBRE PERSONAL [R]
Nombre personal [NR] Harrer, Heinrich
Fechas asociadas con el nombre [NR] 1912-2006
Subdivisión de forma [R] Relatos personales
9 (RLIN) 63644
650 04 - ASIENTO SECUNDARIO DE MATERIA - TERMINO TEMATICO [R]
Término temático o nombre geográfico como elemento de entrada [NR] Entretenimiento
9 (RLIN) 26487
650 04 - ASIENTO SECUNDARIO DE MATERIA - TERMINO TEMATICO [R]
Término temático o nombre geográfico como elemento de entrada [NR] Expediciones científicas
Subdivisión de forma [R] Relatos personales
Subdivisión geográfica [R] Tibet (China)
Subdivisión de forma [R] DVD
9 (RLIN) 7611
650 04 - ASIENTO SECUNDARIO DE MATERIA - TERMINO TEMATICO [R]
Término temático o nombre geográfico como elemento de entrada [NR] Películas cinematográficas
Subdivisión geográfica [R] Estados Unidos
Subdivisión de forma [R] DVD
9 (RLIN) 51326
651 #7 - ASIENTO SECUNDARIO DE MATERIA - NOMBRE GEOGRAFICO [R]
Nombre geográfico [NR] Tibet (China)
Subdivisión de forma [R] DVD
9 (RLIN) 63645
651 #7 - ASIENTO SECUNDARIO DE MATERIA - NOMBRE GEOGRAFICO [R]
Nombre geográfico [NR] Tibet (China)
Subdivisión general [R] Vida social y costumbres
Subdivisión de forma [R] DVD
9 (RLIN) 63646
700 1# - ASIENTO SECUNDARIO - NOMBRE PERSONAL [R]
Nombre personal [NR] Annaud, Jean-Jacques
Término de relación [R] director
9 (RLIN) 63647
710 2# - ASIENTO SECUNDARIO - NOMBRE CORPORATIVO [R]
Nombre corporativo o de jurisdicción como elemento de entrada [NR] Mandalay Entertainment
9 (RLIN) 63648
710 2# - ASIENTO SECUNDARIO - NOMBRE CORPORATIVO [R]
Nombre corporativo o de jurisdicción como elemento de entrada [NR] Reperage and Vanguard Films
9 (RLIN) 63649
710 2# - ASIENTO SECUNDARIO - NOMBRE CORPORATIVO [R]
Nombre corporativo o de jurisdicción como elemento de entrada [NR] Applecross
9 (RLIN) 63650
765 0# - ASIENTO DE IDIOMA ORIGINAL [R]
Asiento principal [NR] Seven Years in Tibet
856 40 - LOCALIZACION Y ACCESO ELECTRONICOS [R]
Identificador Uniforme del Recurso (“URI”) [R] <a href="http://www.youtube.com/watch?v=yg_FE77JudU">http://www.youtube.com/watch?v=yg_FE77JudU</a>
Nota dirigida al público [R] Siga este enlace para ver el trailer
-- Trailer tomado del canal AgelessTrailers vía YouTube.com
942 ## - ELEMENTOS DE ENTRADA AGREGADOS (KOHA)
Koha item type Multimedia
Source of classification or shelving scheme LOCAL
Tema principal Entretenimiento
Edition 1
Classification part DVD 0090
Existencias
Suprimido Perdido Sistema de clasificación Dañado No prestable Tipo de ítem específico Ubicación habitual Ubicación actual Localización Fecha de creación Forma de adquisición Costo Volúmen / Fascículo Total préstamos Signatura topográfica Código de barras Última vez visto Fecha de último préstamo Ejemplar Price effective from Tipo de ítem Total Renewals
    LOCAL   Préstamo restringido DVD Procesos Técnicos (no para préstamo) Procesos Técnicos (no para préstamo) Procesos Técnicos 28/02/2006 Donación 83881.00 DISCO.1-2 32 DVD 0090 100079226 04/12/2025 07/05/2012 Ej.1 03/02/2013 Multimedia  
    LOCAL     DVD Quinta de Mutis Quinta de Mutis Colección digital 28/02/2006   26000.00 DISCO.1 126 DVD 0090 100079252 12/12/2025 13/09/2017 Ej.2 03/02/2013 Multimedia 10
    LOCAL     DVD Quinta de Mutis Quinta de Mutis Colección digital 28/02/2006 Donación 26000.00 DISCO.2 80 DVD 0090 100079253 12/12/2025 10/02/2017 Ej.2 03/02/2013 Multimedia 3